00504 a2200181 450000100060000002000060000604000220001210000310003424000370006524500320010230000060013436200090014044000230014965000370017294200070020995200890021699900170030553590 a  cAnchieta - Pituba aFabiane Mesquita e Shirley10a1ª Português, II unidadelpor10a1ª Português, II unidade a80 a2016 1aColégio Anchieta 4aLínguas espanhola e portuguesa cBK 00104070a91.1b91.1d2023-11-21l0p2963/PITr2023-11-21 18:21:31w2023-11-21yBK c53590d53590